000 00772nam a2200265Ia 4500
003 OSt
005 20221005032118.0
006 a|||||r|||| 00| 0
007 ta
008 221004b |||||||| |||| 00| 0 eng d
020 _a9789385152719 (pbk)
_cIndian Rupees 395
024 _a70661
037 _bGift, 05/12/2021,
_cTextual
040 _aCRL
_cCRL
_beng
041 _2eng
_aeng
082 _aO111,6x, Q5
100 _aNewmark Amy Au.
_9584826
245 0 _aChicken soup for the iitian's soul
260 _aChennai
_bWestland India
_c2015
300 _axi,383p.
_ccm.
650 _a ENGLISH LITERATURE
650 _aENGLISH ESSAYS
_925951
942 _hO111,6x, Q5
_cTEXL
_2cc
999 _c939141
_d939141